Statistiques concernant One piece fille

Cliquez ici pour prendre le quiz!

Statistiques générales

  • Ce quiz a été pris 228 fois
  • Le résultat moyen est 20 sur 38

Statistiques - réponses

HintAnswer% Correct
Navigatrice du sunnyNami
100%
La survivante d'HoharaRobin
100%
Princesse d'AlabastaVivi
95%
Guerrière du coliséRebecca
88%
Princesse fantômePerona
87%
Femme trop belleHancock
80%
Assasin du CP9Kalifa
77%
Membre de l'armée révolutionnaireKoala
76%
Combattante de la tribue MinkCarrot
76%
Femme glissanteAlvida
73%
Femme des neigesMonet
71%
Reine de totto landBig Mom
71%
Sabreuse de la marineTashigi
71%
Femme armesBaby 5
67%
Créatrice de jouetsSugar
64%
Princesse sirèneShiraoshi
63%
Ministre des jusSmoothie
54%
Femme lessiveTsuru
54%
Cage humaineHina
53%
Sœur gorgoneSandersonia
52%
Femme au poid variableMiss Valentine
49%
Sœur gorgoneMarigold
48%
Soeur jumelle de LauraChiffon
45%
Habitante de SkypiaConis
44%
Actrice bipolairePudding
39%
SirèneCamie
38%
Femme taupeMiss Merry Christmas
37%
Femme artJora
35%
Artiste réalisteMiss goldenweek
33%
Femme oursinMiss Doublefinger
32%
Femme zombieCindry
29%
VoyanteShirley
28%
Ministre des noixAmande
24%
Une brancheBrulee
24%
Élue meilleure petite soeurFlampe
22%
Fruit du beurreGalette
19%
Une chanceuse hors pairBaccara
10%
Membre du cp0Stucy
2%

Distribution des résultats

Percentile par nombre de réponses

% des personnes avec chaque résultat

Votre développement - résultats

Vous n’avez pas pris ce quiz